| 000 | 00869nam a22002777a 4500 | ||
|---|---|---|---|
| 003 | CHAP | ||
| 005 | 20220329135701.0 | ||
| 008 | 971013s1972 r 00010 d | ||
| 010 | _a40531 | ||
| 011 | _a41503 | ||
| 035 | _a45629 | ||
| 040 | _cCHAP | ||
| 082 |
_a631.522 _bE54 |
||
| 110 |
_aENA. Colegio de Postgraduados. Chapingo, Méx. Rama de Genética _936687 |
||
| 245 |
_aGenotecnia vegetal _b: curso |
||
| 260 |
_aChapingo, Méx. : _bENA, _c1972 |
||
| 300 | _ac.a. 114 h. | ||
| 590 |
_aBATCH-UPD _b10 _c20130110 _lUCH01 _h1311 |
||
| 590 |
_aBATCH-UPD _b10 _c20130410 _lUCH01 _h0825 |
||
| 590 |
_aBATCH-UPD _b10 _c20130914 _lUCH01 _h1539 |
||
| 590 |
_aCONVERSION _b10 _c20130109 _lUCH01 _h1322 |
||
| 650 | 1 | 4 |
_aGenética vegetal _xEstudio y enseñanza. _947503 |
| 901 | _aBK | ||
| 942 | _cLIBRO | ||
| 949 |
_a631.522 E54 _bBC _cLIBRO _d-104204 _eLIBRO _h73255 _i45629 _mD _si |
||
| 999 |
_c40531 _d40531 |
||